Performance of some RRIM clones in India (Record no. 64791)

MARC details
000 -LEADER
fixed length control field 00293nam a2200109Ia 4500
100 ## - MAIN ENTRY--AUTHOR NAME
Personal name Nair V K B
245 #0 - TITLE STATEMENT
Title Performance of some RRIM clones in India
260 ## - PUBLICATION, DISTRIBUTION, ETC. (IMPRINT)
Name of publisher Placrosym IV, Mysore, 1981
Year of publication 1981
700 ## - ADDED ENTRY--PERSONAL NAME
Personal name Marattukalam J G
942 ## - ADDED ENTRY ELEMENTS (KOHA)
Koha item type Journals
Holdings
Withdrawn status Lost status Damaged status Not for loan Home library Current library Shelving location Date acquired Koha item type
      Journals RRII Library RRII Library Botany 17/12/2021 Journals